Raat betane tak tatha anya dhwani natak (Record no. 49848)
[ view plain ]
| 000 -LEADER | |
|---|---|
| fixed length control field | 00831nam a2200169Ia 4500 |
| 008 - FIXED-LENGTH DATA ELEMENTS--GENERAL INFORMATION | |
| fixed length control field | 210329s9999||||xx |||||||||||||| ||und|| |
| 020 ## - INTERNATIONAL STANDARD BOOK NUMBER | |
| International Standard Book Number | 81 7119 332 3 |
| 040 ## - CATALOGING SOURCE | |
| Transcribing agency | STCPL |
| 082 ## - DEWEY DECIMAL CLASSIFICATION NUMBER | |
| Classification number | 891.432 |
| Item number | RAK-R |
| 100 ## - MAIN ENTRY--PERSONAL NAME | |
| Personal name | Rakesh Mohan |
| 245 #0 - TITLE STATEMENT | |
| Title | Raat betane tak tatha anya dhwani natak |
| Title in other language | रात बिनते तक तथा आन्य ध्वनि नाठक |
| 260 ## - PUBLICATION, DISTRIBUTION, ETC. | |
| Place of publication, distribution, etc. | Oxford |
| Name of publisher, distributor, etc. | The Clarandon Press |
| Date of publication, distribution, etc. | 1974 |
| 300 ## - PHYSICAL DESCRIPTION | |
| Extent | P- 183 21 CM |
| 650 ## - SUBJECT ADDED ENTRY--TOPICAL TERM | |
| Topical term or geographic name entry element | GeneralBIOMASS, THERMAL AND THERMOCHEMICAL CONVERSON OF BIOMASS AND OTHER SOLID WASTES, CLASSIFICATION OF BIOMASS, BIOLOGICAL CONVERSION OF BIOMASS AND OTHER SOLID WASTES, ALCOHOLIC FERMENTATION, CHEMICAL CONVERSION OF BIOMASS, PRODUCTION OF PULP AND PAPER FROM BIOMASS, PRODUCTION OF AMORPHOUS SILICA AND SILICON FROM RICE HUSK. |
| 942 ## - ADDED ENTRY ELEMENTS (KOHA) | |
| Koha item type | Books |
| 041 ## - LANGUAGE CODE | |
| Language code of original | |
| Withdrawn status | Lost status | Damaged status | Not for loan | Home library | Current library | Shelving location | Date acquired | Cost, normal purchase price | Total Checkouts | Full call number | Barcode | Date last seen | Price effective from | Koha item type |
|---|---|---|---|---|---|---|---|---|---|---|---|---|---|---|
| ST. THOMAS COLLEGE LIBRARY, PALAI | ST. THOMAS COLLEGE LIBRARY, PALAI | 2021-07-10 | 95.00 | 891.432 ???-R | 63649 | 2021-07-10 | 2021-07-10 | Books |
